Statistiques concernant Les Clubs engagés en Ligue Europa (2018-2019)

Cliquez ici pour prendre le quiz!

Statistiques générales

  • Ce quiz a été pris 32 fois
  • Le résultat moyen est 24 sur 48

Statistiques - réponses

GroupeIPaysClub% Correct
HFranceOlympique de Marseille
84%
KFranceRennes
84%
EAngleterreArsenal FC
76%
AAllemagneBayer Leverkusen
76%
CFranceGirondins de Bordeaux
76%
JEspagneSéville FC
76%
FItalieAC Milan
72%
DCroatieDinamo Zagreb
72%
ASuisseFC Zurich
72%
DBelgiqueRCS Anderlecht
72%
CTchéquieSlavia Prague
72%
BAutricheFC Salzbourg
68%
BEcosseCeltic Glasgow
64%
CDanemarkFC Copenhague
64%
GEcosseGlasgow Rangers FC
64%
HItalieLazio Rome
64%
EPortugalSporting CP
64%
ITurquieBesiktas JK
60%
CRussieZénith Saint-Pétersbourg
60%
DTurquieFenerbahçe SK
56%
HChypreApollon Limassol
52%
FEspagneBetis Séville
52%
KUkraineDynamo Kiev
52%
HAllemagneEintracht Francfort
52%
KKazakhstanFK Astana
52%
ABulgarieLudogorets Razgrad
52%
EAzerbaïdjanQarabag FK
52%
FLuxembourgF91 Dudelange
48%
ISuèdeMalmo FF
48%
GRussieSpartak Moscou
48%
LBiélorussieBATE Borisov
44%
IBelgiqueKRC Genk
44%
BAllemagneRB Leipzig
44%
LGrècePAOK Salonique
40%
GAutricheRapid Vienne
40%
BNorvègeRosenborg BK
40%
JRussieFK Krasnodar
36%
JBelgiqueStandard de Liège
32%
GEspagneVillarreal
28%
LAngleterreChelsea FC
24%
KTchéquieFK Jablonec
24%
AChypreAEK Larnaca
20%
LHongrieVidi FC
20%
JTurquieAkhisar Belediyespor
16%
INorvègeSarpsborg 08 FF
12%
DSlovaquieSpartak Trnava
12%
EUkraineVorskla Poltava
12%
FGrèceOlympiacos
8%

Distribution des résultats

Percentile par nombre de réponses

% des personnes avec chaque résultat

Votre développement - résultats

Vous n’avez pas pris ce quiz